The Morality of Capitalism (Record no. 608285)
[ view plain ]
| 000 -LEADER | |
|---|---|
| fixed length control field | 00679nam a22002177a 4500 |
| 003 - CONTROL NUMBER IDENTIFIER | |
| control field | OSt |
| 005 - DATE AND TIME OF LATEST TRANSACTION | |
| control field | 20240227094527.0 |
| 008 - FIXED-LENGTH DATA ELEMENTS--GENERAL INFORMATION | |
| fixed length control field | 180712t xxu||||| |||| 00| 0 eng d |
| 020 ## - INTERNATIONAL STANDARD BOOK NUMBER | |
| International Standard Book Number | 9789699515774 |
| 040 ## - CATALOGING SOURCE | |
| Transcribing agency | 0 |
| 082 ## - DEWEY DECIMAL CLASSIFICATION NUMBER | |
| Classification number | 330.122 |
| Author Mark | PAL |
| 100 10 - MAIN ENTRY--PERSONAL NAME | |
| Personal name | Palmer,Tom G |
| 9 (RLIN) | 121367 |
| 245 10 - TITLE STATEMENT | |
| Title | The Morality of Capitalism |
| 260 ## - PUBLICATION, DISTRIBUTION, ETC. | |
| Place of publication, distribution, etc. | Islamabad; |
| Name of publisher, distributor, etc. | Economic Freedom Network Pakistan; |
| Date of publication, distribution, etc. | 2011. |
| 300 ## - PHYSICAL DESCRIPTION | |
| Extent | 140p.; |
| Dimensions | 21cm. |
| 651 ## - SUBJECT ADDED ENTRY--GEOGRAPHIC NAME | |
| Geographic name | Capitalism |
| Form subdivision | Morral and ethical aspects |
| 9 (RLIN) | 121368 |
| 651 ## - SUBJECT ADDED ENTRY--GEOGRAPHIC NAME | |
| Geographic name | Capitalism |
| 9 (RLIN) | 121369 |
| 651 ## - SUBJECT ADDED ENTRY--GEOGRAPHIC NAME | |
| Geographic name | Economics |
| Form subdivision | Morral and ethical aspects |
| 9 (RLIN) | 121370 |
| 942 ## - ADDED ENTRY ELEMENTS (KOHA) | |
| Source of classification or shelving scheme | |
| Koha item type | Book |
| Institution code [OBSOLETE] | SADA |
| Call number prefix | 330.122 PAL 2011 |
| Withdrawn status | Lost status | Source of classification or shelving scheme | Damaged status | Not for loan | Permanent Location | Current Location | Date acquired | Source of acquisition | Total Checkouts | Full call number | Barcode | Date last seen | Copy number | Price effective from | Koha item type |
|---|---|---|---|---|---|---|---|---|---|---|---|---|---|---|---|
| School of Art Design and Architecture (SADA) | School of Art Design and Architecture (SADA) | 06/25/2018 | Donation | 330.122 PAL 2011 | SADAD0000361 | 02/27/2024 | 01 | 02/27/2024 | Book | ||||||
| School of Art Design and Architecture (SADA) | School of Art Design and Architecture (SADA) | 06/25/2018 | Donation | 330.122 PAL 2011 | SADAD0000362 | 02/27/2024 | 02 | 02/27/2024 | Book |
